Lataa...

കേരളത്തിലെ ബോധനനാടകവേദി

Bibliografiset tiedot
Päätekijät: എന്‍ ആര്‍ ഗ്രാമപ്രകാശ്, N R Gramaprakash
Aineistotyyppi: Printed Book
Julkaistu: Trivandrum; Kerala Bhasha Institute; 2007
Painos:1st
Aiheet:
LEADER 00906nam a22001937a 4500
082 |a 894.M207   |b GRA/K P7 
100 |a എന്‍ ആര്‍ ഗ്രാമപ്രകാശ്  |9 242079 
100 |a N R Gramaprakash  |9 242080 
240 |a Keralathile Bodhananadakavedi  
245 |a കേരളത്തിലെ ബോധനനാടകവേദി 
250 |a 1st  
260 |a Trivandrum;  |b Kerala Bhasha Institute;  |c 2007 
300 |a 145p. 
650 |a മലയാളം;  |9 242081 
650 |a Malayalam;  |9 242082 
942 |c BK 
999 |c 59857  |d 59857 
952 |0 0  |1 0  |4 0  |6 894_000000000000000_M207_GRA_K_P7  |7 0  |8 DRAS  |9 71837  |a MAL  |b MAL  |d 2016-08-09  |e CR193  |g 65.00  |l 0  |o 894.M207 GRA/K P7  |p MALCR000193  |r 2016-08-09  |t 1  |w 2016-08-09  |y BK 
952 |0 0  |1 0  |4 0  |6 894_000000000000000_M207_GRA_K_P7  |7 0  |8 DRAS  |9 71838  |a MAL  |b MAL  |d 2016-08-09  |e GM896  |g 65.00  |l 0  |o 894.M207 GRA/K P7   |p MALGM000896  |r 2016-08-09  |t 2  |w 2016-08-09  |y BK